Blitz: Monday Holidays Quiz Stats

 Plays Quiz Updated Mar 4, 2019

Score 0/5 Timer 00:30
10 Plays Today
% Correct
Labor Day
86.8%
Birthday of Martin Luther King, Jr.
84%
Washington's Birthday
83.9%
Memorial Day
82%
Columbus Day
56.6%

You're not logged in!

Compare scores with friends on all Sporcle quizzes.
OR
Log In

Sporcle TV

Today on Sporcle TV


Watch our educational content, quiz creation guides, and fun videos on Sporcle TV.

Show Comments

Extras

Top Quizzes Today


Score Distribution

Your Account Isn't Verified!

In order to create a playlist on Sporcle, you need to verify the email address you used during registration. Go to your Sporcle Settings to finish the process.

Report this User

Report this user for behavior that violates our Community Guidelines.

Details: